000 01606nam2a2200277 4500
001 RU\NLR\BIBL_A\022540379
005 20260408222124.0
035 _a(NLR Aleph) 022540379
090 _a13409115
_c13409115
100 _a20250514d2024 |||y0rusy50 ca
101 0 _arus
102 _aRU
105 _aa z 000yy
200 1 _aАнализ вариантов структурного построения силовой части систем управления современных пассажирских самолетов
_fР. И. Терехов
210 _d2024
215 _a32, [1] с.
_cил., цв. ил.
_d29
320 _aБиблиогр. в конце кн.: с. [33] (18 назв.)
461 0 _1001RU\NLR\INFOCOMM31\5000085815
_12001#$aТруды ЦАГИ$fЦентр. аэрогидродинам. ин-т им. проф. Н.Е. Жуковского$vВып. 2822
_93998286
_aЦентральный аэрогидродинамический институт им. Н. Е. Жуковского (Москва)
_cМ.
_d1923 -
_fЦентр. аэрогидродинам. ин-т им. проф. Н.Е. Жуковского
_nИзд-во Бюро новой техники НКАП
_tТруды ЦАГИ
_x2588-0098
_vВып. 2822
606 _aСамолеты
_xУправление
_xГидромеханические системы
_xНадёжность
_3RU\NLR\AUTH\6601755262
_92667235
686 1 _aО53-047.06-021.1
700 1 _aТерехов
_bР. И.
_gРоман Игоревич
852 _aNLR
_jП11/665
942 _cISSUE
980 _aRUSPER
980 _aNB